000 00752nam a2200253 i 4500
003 DO-SdBNP
005 20231121140725.0
006 a||||gr|||| 00| 0
007 ta
008 231121b200? dr a|||| |||| 00| 0 spa d
040 _aDO-SdBNP
_bspa
_cBNPHU
_erda
082 4 _222
_a005.43
_bP426m
100 1 _aPeralta D., Felipe,
_971047
_eautor
245 1 0 _aManual de word '97. /
_cFelipe Peralta D..
246 1 3 _aWord'97
264 1 _aSanto Domingo :
_bCENTU,
_c[200?]
300 _a156 páginas :
_bIlustraciones, gráficas ;
_c21 cm.
336 _2rdacontent
_atexto
_btxt
337 _2rdamedia
_asin mediación
_bn
338 _2rdacarrier
_avolumen
_bnc
500 _aIncluye pie de fotos
590 _aInventariado 2023 / MF
942 _2ddc
_cLBS1
999 _c55546
_d55546